[Event "Kadettlandskamp NOR-SWE B 2018"]
[Site "NTG, Bærum, Norway"]
[Date "2018.12.15"]
[Round "7.2"]
[White "Olsson, William"]
[Black "Vitenberg, Noam A"]
[Result "0-1"]
[WhiteFideId "1741721"]
[BlackFideId "1532138"]
[WhiteElo "1743"]
[BlackElo "1889"]

1. c4 {[%clk 00:15:16]} {[%emt 00:00:04]} Nf6 {[%clk 00:15:14]} {[%emt
00:00:07]} 2. Nc3 {[%clk 00:15:23]} {[%emt 00:00:03]} e5 {[%clk 00:15:22]}
{[%emt 00:00:01]} 3. g3 {[%clk 00:15:30]} {[%emt 00:00:03]} c6 {[%clk
00:15:17]} {[%emt 00:00:14]} 4. Bg2 {[%clk 00:15:33]} {[%emt 00:00:07]} d5
{[%clk 00:15:23]} {[%emt 00:00:04]} 5. b3 {[%clk 00:15:26]} {[%emt 00:00:17]}
Be6 {[%clk 00:15:22]} {[%emt 00:00:11]} 6. d3 {[%clk 00:15:32]} {[%emt
00:00:04]} d4 {[%clk 00:14:55]} {[%emt 00:00:37]} 7. Nb1 {[%clk 00:15:32]}
{[%emt 00:00:10]} Be7 {[%clk 00:14:58]} {[%emt 00:00:07]} 8. Nd2 {[%clk
00:15:37]} {[%emt 00:00:06]} O-O {[%clk 00:15:04]} {[%emt 00:00:04]} 9. Ngf3
{[%clk 00:15:45]} {[%emt 00:00:02]} Nbd7 {[%clk 00:14:59]} {[%emt 00:00:15]} 10.
O-O {[%clk 00:15:51]} {[%emt 00:00:02]} a5 {[%clk 00:15:06]} {[%emt 00:00:04]}
11. Rb1 {[%clk 00:15:54]} {[%emt 00:00:07]} Qc7 {[%clk 00:15:13]} {[%emt
00:00:04]} 12. a3 {[%clk 00:15:50]} {[%emt 00:00:14]} c5 {[%clk 00:15:16]}
{[%emt 00:00:06]} 13. Ne1 {[%clk 00:15:43]} {[%emt 00:00:17]} Rab8 {[%clk
00:15:20]} {[%emt 00:00:06]} 14. Nc2 {[%clk 00:15:09]} {[%emt 00:00:43]} b5
{[%clk 00:15:22]} {[%emt 00:00:08]} 15. Bb2 {[%clk 00:14:25]} {[%emt 00:00:53]}
a4 {[%clk 00:15:20]} {[%emt 00:00:14]} 16. bxa4 {[%clk 00:13:41]} {[%emt
00:00:54]} bxc4 {[%clk 00:14:32]} {[%emt 00:00:57]} 17. Nxc4 {[%clk 00:13:34]}
{[%emt 00:00:16]} Qa7 {[%clk 00:14:38]} {[%emt 00:00:04]} 18. Ne1 {[%clk
00:11:40]} {[%emt 00:02:04]} Bxc4 {[%clk 00:14:43]} {[%emt 00:00:05]} 19. dxc4
{[%clk 00:11:47]} {[%emt 00:00:03]} Nb6 {[%clk 00:14:52]} {[%emt 00:00:01]} 20.
Qc2 {[%clk 00:11:51]} {[%emt 00:00:05]} Qxa4 {[%clk 00:14:59]} {[%emt
00:00:04]} 21. Rc1 {[%clk 00:11:01]} {[%emt 00:00:58]} Qxc2 {[%clk 00:14:42]}
{[%emt 00:00:29]} 22. Rxc2 {[%clk 00:11:10]} {[%emt 00:00:01]} Na4 {[%clk
00:14:47]} {[%emt 00:00:04]} 23. Bc1 {[%clk 00:10:57]} {[%emt 00:00:23]} e4
{[%clk 00:14:50]} {[%emt 00:00:08]} 24. f3 {[%clk 00:10:44]} {[%emt 00:00:22]}
e3 {[%clk 00:13:52]} {[%emt 00:01:08]} 25. Nd3 {[%clk 00:10:39]} {[%emt
00:00:14]} Rb3 {[%clk 00:13:58]} {[%emt 00:00:04]} 26. f4 {[%clk 00:10:33]}
{[%emt 00:00:17]} Rfb8 {[%clk 00:14:03]} {[%emt 00:00:05]} 27. Bc6 {[%clk
00:10:20]} {[%emt 00:00:24]} Nc3 {[%clk 00:14:10]} {[%emt 00:00:03]} 28. a4
{[%clk 00:08:07]} {[%emt 00:02:24]} Nxe2+ {[%clk 00:14:00]} {[%emt 00:00:19]}
29. Rxe2 {[%clk 00:08:11]} {[%emt 00:00:06]} Rxd3 {[%clk 00:14:10]} {[%emt
00:00:01]} 30. Ra2 {[%clk 00:08:00]} {[%emt 00:00:21]} Bd8 {[%clk 00:12:29]}
{[%emt 00:01:51]} 31. a5 {[%clk 00:07:37]} {[%emt 00:00:33]} Bxa5 {[%clk
00:12:25]} {[%emt 00:00:13]} 32. Rxa5 {[%clk 00:07:39]} {[%emt 00:00:09]} e2
{[%clk 00:12:34]} {[%emt 00:00:02]} 33. Re1 {[%clk 00:07:47]} {[%emt 00:00:01]}
Rd1 {[%clk 00:12:42]} {[%emt 00:00:02]} 34. Kf2 {[%clk 00:07:53]} {[%emt
00:00:04]} d3 {[%clk 00:12:51]} {[%emt 00:00:01]} 35. Bf3 {[%clk 00:07:07]}
{[%emt 00:00:56]} Rxc1 {[%clk 00:12:59]} {[%emt 00:00:03]} 36. Rxc1 {[%clk
00:07:00]} {[%emt 00:00:17]} d2 {[%clk 00:13:08]} {[%emt 00:00:01]} 37. Raa1
{[%clk 00:06:55]} {[%emt 00:00:15]} dxc1=Q {[%clk 00:11:24]} {[%emt 00:01:54]}
38. Rxc1 {[%clk 00:06:58]} {[%emt 00:00:07]} Kf8 {[%clk 00:10:46]} {[%emt
00:00:47]} 39. Rc2 {[%clk 00:06:37]} {[%emt 00:00:31]} Rb4 {[%clk 00:10:34]}
{[%emt 00:00:22]} 40. Bxe2 {[%clk 00:06:46]} {[%emt 00:00:02]} Ne4+ {[%clk
00:10:42]} {[%emt 00:00:01]} 41. Ke3 {[%clk 00:06:40]} {[%emt 00:00:17]} Nd6
{[%clk 00:10:49]} {[%emt 00:00:03]} 42. Bd3 {[%clk 00:06:24]} {[%emt 00:00:26]}
Ke7 {[%clk 00:10:53]} {[%emt 00:00:06]} 43. Kd2 {[%clk 00:05:38]} {[%emt
00:00:56]} f5 {[%clk 00:10:44]} {[%emt 00:00:19]} 44. Kc3 {[%clk 00:05:32]}
{[%emt 00:00:16]} Kf6 {[%clk 00:10:19]} {[%emt 00:00:36]} 45. Re2 {[%clk
00:05:33]} {[%emt 00:00:09]} Ra4 {[%clk 00:10:26]} {[%emt 00:00:02]} 46. Kb3
{[%clk 00:05:22]} {[%emt 00:00:22]} Rb4+ {[%clk 00:09:47]} {[%emt 00:00:49]} 47.
Kc3 {[%clk 00:05:30]} {[%emt 00:00:02]} Ra4 {[%clk 00:08:52]} {[%emt 00:01:05]}
48. Kb3 {[%clk 00:05:14]} {[%emt 00:00:25]} Ra1 {[%clk 00:08:24]} {[%emt
00:00:39]} 49. Re5 {[%clk 00:03:36]} {[%emt 00:01:47]} Ra5 {[%clk 00:06:17]}
{[%emt 00:02:18]} 50. Kb2 {[%clk 00:03:18]} {[%emt 00:00:27]} g6 {[%clk
00:06:14]} {[%emt 00:00:14]} 51. Re2 {[%clk 00:02:28]} {[%emt 00:00:59]} Ra4
{[%clk 00:05:11]} {[%emt 00:01:14]} 52. Kb3 {[%clk 00:02:33]} {[%emt 00:00:05]}
Rb4+ {[%clk 00:04:29]} {[%emt 00:00:52]} 53. Kc3 {[%clk 00:02:39]} {[%emt
00:00:04]} Nb7 {[%clk 00:03:46]} {[%emt 00:00:52]} 54. Re5 {[%clk 00:02:10]}
{[%emt 00:00:39]} h5 {[%clk 00:02:28]} {[%emt 00:01:28]} 55. h3 {[%clk
00:01:49]} {[%emt 00:00:30]} Ra4 {[%clk 00:02:28]} {[%emt 00:00:10]} 56. Kb2
{[%clk 00:01:55]} {[%emt 00:00:03]} Ra5 {[%clk 00:01:56]} {[%emt 00:00:43]} 57.
Rd5 {[%clk 00:01:51]} {[%emt 00:00:12]} Ra6 {[%clk 00:01:58]} {[%emt 00:00:10]}
58. Re5 {[%clk 00:01:22]} {[%emt 00:00:38]} Rc6 {[%clk 00:01:39]} {[%emt
00:00:30]} 59. Be2 {[%clk 00:01:09]} {[%emt 00:00:22]} Nd8 {[%clk 00:01:29]}
{[%emt 00:00:19]} 60. Bf3 {[%clk 00:01:11]} {[%emt 00:00:09]} Rb6+ {[%clk
00:01:37]} {[%emt 00:00:02]} 61. Kc2 {[%clk 00:01:11]} {[%emt 00:00:05]} Ne6
{[%clk 00:01:45]} {[%emt 00:00:07]} 62. Bd1 {[%clk 00:00:45]} {[%emt 00:00:36]}
Nd4+ {[%clk 00:01:29]} {[%emt 00:00:26]} 63. Kc3 {[%clk 00:00:51]} {[%emt
00:00:03]} Rb1 {[%clk 00:01:25]} {[%emt 00:00:16]} 64. Ba4 {[%clk 00:00:25]}
{[%emt 00:00:35]} Rc1+ {[%clk 00:01:16]} {[%emt 00:00:19]} 65. Kd3 {[%clk
00:00:24]} {[%emt 00:00:10]} Rg1 {[%clk 00:01:22]} {[%emt 00:00:04]} 66. Re3
{[%clk 00:00:31]} {[%emt 00:00:04]} Ra1 {[%clk 00:01:21]} {[%emt 00:00:10]} 67.
Bb5 {[%clk 00:00:18]} {[%emt 00:00:25]} Ra3+ {[%clk 00:01:23]} {[%emt
00:00:08]} 68. Kd2 {[%clk 00:00:24]} {[%emt 00:00:02]} Ra2+ {[%clk 00:01:06]}
{[%emt 00:00:28]} 69. Kc3 {[%clk 00:00:30]} {[%emt 00:00:04]} Rc2+ {[%clk
00:01:02]} {[%emt 00:00:14]} 70. Kd3 {[%clk 00:00:39]} {[%emt 00:00:01]} Rb2
{[%clk 00:01:06]} {[%emt 00:00:05]} 71. Ba4 {[%clk 00:00:40]} {[%emt 00:00:08]}
Rb4 {[%clk 00:01:06]} {[%emt 00:00:11]} 72. Bd1 {[%clk 00:00:38]} {[%emt
00:00:12]} Rb1 {[%clk 00:00:50]} {[%emt 00:00:27]} 73. Ba4 {[%clk 00:00:19]}
{[%emt 00:00:28]} Rh1 {[%clk 00:00:55]} {[%emt 00:00:04]} 74. h4 {[%clk
00:00:26]} {[%emt 00:00:04]} Rg1 {[%clk 00:00:51]} {[%emt 00:00:14]} 75. Bd7
{[%clk 00:00:16]} {[%emt 00:00:19]} Nb3 {[%clk 00:00:40]} {[%emt 00:00:22]} 76.
Bc6 {[%clk 00:00:15]} {[%emt 00:00:10]} Nd4 {[%clk 00:00:25]} {[%emt 00:00:25]}
77. Bd5 {[%clk 00:00:23]} {[%emt 00:00:02]} Rd1+ {[%clk 00:00:30]} {[%emt
00:00:05]} 78. Kc3 {[%clk 00:00:31]} {[%emt 00:00:02]} Rb1 {[%clk 00:00:37]}
{[%emt 00:00:04]} 79. Kd2 {[%clk 00:00:19]} {[%emt 00:00:22]} Rg1 {[%clk
00:00:38]} {[%emt 00:00:09]} 80. Kc3 {[%clk 00:00:26]} {[%emt 00:00:03]} Rxg3
{[%clk 00:00:35]} {[%emt 00:00:13]} 81. Rxg3 {[%clk 00:00:27]} {[%emt
00:00:09]} Ne2+ {[%clk 00:00:44]} {[%emt 00:00:02]} 82. Kb3 {[%clk 00:00:36]}
Nxg3 {[%clk 00:00:51]} {[%emt 00:00:02]} 83. Ka4 {[%clk 00:00:27]} {[%emt
00:00:19]} Ne2 {[%clk 00:00:48]} {[%emt 00:00:13]} 84. Kb5 {[%clk 00:00:34]}
{[%emt 00:00:02]} Nxf4 {[%clk 00:00:56]} {[%emt 00:00:02]} 85. Kxc5 {[%clk
00:00:40]} {[%emt 00:00:05]} Nxd5 {[%clk 00:01:04]} {[%emt 00:00:02]} 86. Kxd5
{[%clk 00:00:48]} Ke7 {[%clk 00:01:11]} {[%emt 00:00:03]} 87. Kc6 {[%clk
00:00:53]} {[%emt 00:00:05]} f4 {[%clk 00:01:14]} {[%emt 00:00:07]} 88. Kb7
{[%clk 00:00:22]} {[%emt 00:00:41]} f3 {[%clk 00:01:23]} {[%emt 00:00:01]} 89.
c5 {[%clk 00:00:31]} {[%emt 00:00:01]} f2 {[%clk 00:01:33]} 90. c6 {[%clk
00:00:40]} f1=Q {[%clk 00:01:38]} {[%emt 00:00:05]} 91. c7 {[%clk 00:00:49]}
Qb5+ {[%clk 00:01:45]} {[%emt 00:00:03]} 92. Kc8 {[%clk 00:00:56]} {[%emt
00:00:03]} Qc6 {[%clk 00:01:26]} {[%emt 00:00:29]} 93. Kb8 {[%clk 00:01:03]}
{[%emt 00:00:04]} Kd7 {[%clk 00:01:33]} {[%emt 00:00:03]} 94. Ka7 {[%clk
00:00:47]} {[%emt 00:00:25]} Qxc7+ {[%clk 00:01:40]} {[%emt 00:00:03]} 95. Ka8
{[%clk 00:00:56]} {[%emt 00:00:01]} Qa5+ {[%clk 00:01:39]} {[%emt 00:00:12]} 96.
Kb8 {[%clk 00:01:04]} {[%emt 00:00:01]} Qb5+ {[%clk 00:01:47]} {[%emt
00:00:03]} 97. Ka7 {[%clk 00:01:11]} {[%emt 00:00:01]} Kc7 {[%clk 00:01:56]}
{[%emt 00:00:02]} 98. Ka8 {[%clk 00:01:19]} {[%emt 00:00:01]} Qb7# {[%emt
00:00:04]} 0-1

[Event "Kadettlandskamp NOR-SWE B 2018"]
[Site "NTG, Bærum, Norway"]
[Date "2018.12.15"]
[Round "7.3"]
[White "Kizatbay, Abyl"]
[Black "Nguyen, Gabriel"]
[Result "1/2-1/2"]
[WhiteFideId "1521853"]
[BlackFideId "1720791"]
[WhiteElo "1952"]
[BlackElo "1906"]

1. e4 {[%clk 00:15:19]} {[%emt 00:09:16]} c5 {[%clk 00:15:19]} {[%emt
00:00:02]} 2. Nf3 {[%clk 00:15:28]} {[%emt 00:00:02]} e6 {[%clk 00:15:27]}
{[%emt 00:00:01]} 3. d4 {[%clk 00:15:32]} {[%emt 00:00:07]} cxd4 {[%clk
00:15:35]} {[%emt 00:00:02]} 4. Nxd4 {[%clk 00:15:39]} {[%emt 00:00:02]} a6
{[%clk 00:15:44]} {[%emt 00:00:01]} 5. c4 {[%clk 00:15:48]} {[%emt 00:00:01]}
Nf6 {[%clk 00:15:51]} {[%emt 00:00:02]} 6. Nc3 {[%clk 00:15:57]} {[%emt
00:00:02]} Qc7 {[%clk 00:15:53]} {[%emt 00:00:08]} 7. Be2 {[%clk 00:15:52]}
{[%emt 00:00:15]} Bb4 {[%clk 00:15:03]} {[%emt 00:00:58]} 8. O-O {[%clk
00:15:56]} {[%emt 00:00:07]} Bxc3 {[%clk 00:14:47]} {[%emt 00:00:26]} 9. bxc3
{[%clk 00:16:05]} Nxe4 {[%clk 00:14:34]} {[%emt 00:00:24]} 10. Bf3 {[%clk
00:14:57]} {[%emt 00:01:19]} Nc5 {[%clk 00:12:22]} {[%emt 00:02:21]} 11. Nb3
{[%clk 00:14:16]} {[%emt 00:00:51]} O-O {[%clk 00:11:43]} {[%emt 00:00:49]} 12.
Be3 {[%clk 00:13:47]} {[%emt 00:00:40]} d6 {[%clk 00:09:59]} {[%emt 00:01:54]}
13. Qd2 {[%clk 00:13:36]} {[%emt 00:00:21]} Rd8 {[%clk 00:08:13]} {[%emt
00:01:56]} 14. Rfd1 {[%clk 00:13:32]} {[%emt 00:00:14]} Nxb3 {[%clk 00:08:11]}
{[%emt 00:00:11]} 15. axb3 {[%clk 00:13:41]} {[%emt 00:00:02]} h6 {[%clk
00:08:01]} {[%emt 00:00:20]} 16. Bf4 {[%clk 00:11:46]} {[%emt 00:02:05]} Qb6
{[%clk 00:06:59]} {[%emt 00:01:12]} 17. b4 {[%emt 00:00:31]} d5 {[%clk
00:06:46]} {[%emt 00:00:21]} 18. Be3 {[%clk 00:10:09]} {[%emt 00:01:29]} Qc7
{[%clk 00:06:26]} {[%emt 00:00:30]} 19. cxd5 {[%clk 00:09:59]} {[%emt
00:00:21]} exd5 {[%clk 00:06:16]} {[%emt 00:00:20]} 20. c4 {[%clk 00:10:08]}
{[%emt 00:00:01]} d4 {[%clk 00:05:49]} {[%emt 00:00:37]} 21. Bxd4 {[%clk
00:08:00]} {[%emt 00:02:18]} Nc6 {[%clk 00:05:32]} {[%emt 00:00:26]} 22. Bxc6
{[%clk 00:07:52]} {[%emt 00:00:18]} Qxc6 {[%clk 00:05:37]} {[%emt 00:00:05]} 23.
Qc3 {[%clk 00:07:55]} {[%emt 00:00:07]} f6 {[%clk 00:04:41]} {[%emt 00:01:06]}
24. b5 {[%clk 00:06:28]} {[%emt 00:01:36]} Qe6 {[%clk 00:03:55]} {[%emt
00:00:58]} 25. Be3 {[%clk 00:04:40]} {[%emt 00:01:59]} Bd7 {[%clk 00:03:08]}
{[%emt 00:00:56]} 26. bxa6 {[%clk 00:04:14]} {[%emt 00:00:37]} bxa6 {[%clk
00:02:48]} {[%emt 00:00:29]} 27. h3 {[%clk 00:04:20]} {[%emt 00:00:04]} Rdc8
{[%clk 00:02:37]} {[%emt 00:00:19]} 28. c5 {[%clk 00:04:27]} {[%emt 00:00:06]}
Bc6 {[%clk 00:02:37]} {[%emt 00:00:08]} 29. Bf4 {[%clk 00:04:14]} {[%emt
00:00:24]} Kh7 {[%clk 00:01:49]} {[%emt 00:00:56]} 30. Bd6 {[%clk 00:03:53]}
{[%emt 00:00:33]} Ra7 {[%clk 00:01:40]} {[%emt 00:00:18]} 31. Re1 {[%clk
00:03:56]} {[%emt 00:00:07]} Qd5 {[%clk 00:01:45]} {[%emt 00:00:05]} 32. Qg3
{[%clk 00:04:04]} {[%emt 00:00:02]} a5 {[%clk 00:01:06]} {[%emt 00:00:49]} 33.
Rad1 {[%clk 00:04:12]} {[%emt 00:00:02]} Qc4 {[%clk 00:01:11]} {[%emt
00:00:04]} 34. h4 {[%clk 00:04:07]} {[%emt 00:00:16]} Qf7 {[%clk 00:00:57]}
{[%emt 00:00:24]} 35. Re3 {[%clk 00:03:50]} {[%emt 00:00:27]} a4 {[%clk
00:01:04]} {[%emt 00:00:02]} 36. Rde1 {[%clk 00:03:58]} {[%emt 00:00:03]} Re8
{[%clk 00:00:47]} {[%emt 00:00:27]} 37. Rxe8 {[%clk 00:03:09]} {[%emt
00:01:00]} Bxe8 {[%clk 00:00:55]} {[%emt 00:00:01]} 38. Qd3+ {[%clk 00:03:14]}
{[%emt 00:00:05]} Qg6 {[%clk 00:00:47]} {[%emt 00:00:18]} 39. Qxg6+ {[%clk
00:02:29]} {[%emt 00:00:55]} Bxg6 {[%clk 00:00:55]} {[%emt 00:00:02]} 40. c6
{[%clk 00:02:35]} {[%emt 00:00:05]} Ra8 {[%clk 00:00:52]} {[%emt 00:00:12]} 41.
c7 {[%clk 00:01:36]} {[%emt 00:01:10]} Bf5 {[%clk 00:00:57]} {[%emt 00:00:04]}
42. Ra1 {[%clk 00:00:41]} {[%emt 00:01:05]} h5 {[%clk 00:00:58]} {[%emt
00:00:10]} 43. f3 {[%clk 00:00:46]} {[%emt 00:00:05]} Kg6 {[%clk 00:01:03]}
{[%emt 00:00:06]} 44. Kf2 {[%clk 00:00:50]} {[%emt 00:00:05]} Bc8 {[%clk
00:01:06]} {[%emt 00:00:07]} 45. Rb1 {[%clk 00:00:41]} {[%emt 00:00:20]} Ra6
{[%clk 00:00:29]} {[%emt 00:00:46]} 46. Rb8 {[%clk 00:00:18]} {[%emt 00:00:33]}
Rxd6 {[%clk 00:00:37]} {[%emt 00:00:02]} 47. Rxc8 {[%clk 00:00:27]} {[%emt
00:00:01]} Rc6 {[%clk 00:00:45]} {[%emt 00:00:02]} 48. Ra8 {[%clk 00:00:34]}
{[%emt 00:00:03]} Rxc7 {[%clk 00:00:53]} {[%emt 00:00:02]} 49. Rxa4 {[%clk
00:00:42]} {[%emt 00:00:02]} Rc2+ {[%clk 00:01:00]} {[%emt 00:00:03]} 50. Kg3
{[%clk 00:00:51]} Rc5 {[%clk 00:01:01]} {[%emt 00:00:11]} 51. Kf4 {[%clk
00:00:54]} {[%emt 00:00:07]} Rf5+ {[%clk 00:01:06]} {[%emt 00:00:04]} 52. Ke4
{[%clk 00:00:58]} {[%emt 00:00:06]} Re5+ {[%clk 00:01:15]} {[%emt 00:00:01]} 53.
Kf4 {[%clk 00:01:05]} {[%emt 00:00:03]} Rf5+ {[%clk 00:01:24]} {[%emt
00:00:01]} 54. Kg3 {[%clk 00:01:13]} Rb5 {[%clk 00:01:33]} {[%emt 00:00:01]} 55.
Rc4 {[%clk 00:01:17]} {[%emt 00:00:06]} Ra5 {[%clk 00:01:40]} {[%emt 00:00:03]}
56. Kh3 {[%clk 00:01:22]} {[%emt 00:00:05]} Ra3 {[%clk 00:01:45]} {[%emt
00:00:05]} 57. Rc5 {[%clk 00:01:26]} {[%emt 00:00:06]} Kh6 {[%clk 00:01:47]}
{[%emt 00:00:08]} 58. Kh2 {[%clk 00:01:26]} {[%emt 00:00:10]} Ra2 {[%clk
00:01:52]} {[%emt 00:00:05]} 59. Kg3 {[%clk 00:01:33]} {[%emt 00:00:03]} Ra4
{[%clk 00:01:59]} {[%emt 00:00:02]} 60. Rb5 {[%clk 00:01:40]} {[%emt 00:00:03]}
Rc4 {[%clk 00:02:08]} {[%emt 00:00:02]} 1/2-1/2

[Event "Kadettlandskamp NOR-SWE B 2018"]
[Site "NTG, Bærum, Norway"]
[Date "2018.12.15"]
[Round "7.4"]
[White "Rasti, Arvin"]
[Black "Abdrlauf, Elham"]
[Result "1-0"]
[WhiteFideId "1741160"]
[BlackFideId "1533533"]
[WhiteElo "1777"]
[BlackElo "2191"]

1. d4 {[%clk 00:15:15]} {[%emt 00:00:05]} Nf6 {[%clk 00:15:19]} {[%emt
00:00:02]} 2. c4 {[%emt 00:00:05]} e6 3. Nc3 {[%emt 00:00:05]} c5 4. Nf3 {[%clk
00:15:30]} {[%emt 00:00:04]} cxd4 {[%clk 00:15:42]} {[%emt 00:00:06]} 5. Nxd4
{[%clk 00:15:37]} {[%emt 00:00:03]} Be7 {[%clk 00:15:51]} {[%emt 00:00:01]} 6.
g3 {[%clk 00:15:23]} {[%emt 00:00:25]} a6 {[%clk 00:15:54]} {[%emt 00:00:06]} 7.
Bg2 {[%clk 00:15:31]} {[%emt 00:00:02]} O-O {[%clk 00:16:01]} {[%emt 00:00:03]}
8. O-O {[%clk 00:15:28]} {[%emt 00:00:13]} Nc6 {[%clk 00:15:27]} {[%emt
00:00:40]} 9. Bg5 {[%clk 00:15:06]} {[%emt 00:00:36]} h6 {[%clk 00:15:33]}
{[%emt 00:00:04]} 10. Be3 {[%clk 00:14:47]} {[%emt 00:00:29]} Ng4 {[%clk
00:15:18]} {[%emt 00:00:21]} 11. Nxc6 {[%clk 00:14:33]} {[%emt 00:00:28]} bxc6
{[%clk 00:14:26]} {[%emt 00:01:01]} 12. Bc1 {[%clk 00:13:50]} {[%emt 00:00:54]}
f5 {[%clk 00:13:11]} {[%emt 00:01:25]} 13. e4 {[%clk 00:13:33]} {[%emt
00:00:28]} Bb7 {[%clk 00:10:41]} {[%emt 00:02:37]} 14. exf5 {[%clk 00:12:48]}
{[%emt 00:00:57]} exf5 {[%clk 00:09:57]} {[%emt 00:00:04]} 15. Bf4 {[%clk
00:11:12]} {[%emt 00:02:36]} d6 {[%clk 00:09:37]} {[%emt 00:00:30]} 16. Qb3
{[%clk 00:10:28]} {[%emt 00:00:54]} Qd7 {[%clk 00:08:11]} {[%emt 00:01:26]} 17.
Rad1 {[%clk 00:10:08]} {[%emt 00:00:42]} g5 {[%clk 00:08:03]} {[%emt 00:00:18]}
18. Bxd6 {[%clk 00:09:51]} {[%emt 00:00:27]} Bxd6 {[%clk 00:08:11]} {[%emt
00:00:01]} 19. c5+ {[%clk 00:10:00]} {[%emt 00:00:02]} Qf7 {[%clk 00:07:37]}
{[%emt 00:00:43]} 20. Qxf7+ {[%emt 00:00:22]} Rxf7 {[%emt 00:00:09]} 21. cxd6
{[%clk 00:09:42]} {[%emt 00:00:08]} Rd8 {[%clk 00:06:32]} {[%emt 00:01:25]} 22.
Na4 {[%clk 00:09:39]} {[%emt 00:00:11]} c5 {[%clk 00:06:39]} {[%emt 00:00:05]}
23. Nxc5 {[%clk 00:09:07]} {[%emt 00:00:41]} Bxg2 {[%clk 00:06:48]} {[%emt
00:00:01]} 24. Kxg2 {[%clk 00:09:15]} {[%emt 00:00:02]} Rf6 {[%clk 00:06:42]}
{[%emt 00:00:15]} 25. d7 {[%clk 00:09:05]} {[%emt 00:00:21]} Rf7 {[%clk
00:06:41]} {[%emt 00:00:11]} 26. Rfe1 {[%clk 00:08:48]} {[%emt 00:00:27]} Nf6
{[%emt 00:00:02]} 27. Re6 {[%clk 00:08:47]} {[%emt 00:00:10]} a5 {[%clk
00:05:51]} {[%emt 00:01:09]} 28. Rdd6 {[%clk 00:08:34]} {[%emt 00:00:23]} Kg7
{[%clk 00:05:55]} {[%emt 00:00:06]} 29. Ra6 {[%clk 00:08:18]} {[%emt 00:00:25]}
Nxd7 {[%clk 00:04:46]} {[%emt 00:01:20]} 30. Rg6+ {[%clk 00:08:22]} {[%emt
00:00:06]} Kh7 {[%clk 00:04:45]} {[%emt 00:00:11]} 31. Rxh6+ {[%clk 00:08:29]}
{[%emt 00:00:03]} Kg8 {[%clk 00:04:53]} {[%emt 00:00:01]} 32. Rhd6 {[%clk
00:08:10]} {[%emt 00:00:29]} Nxc5 {[%clk 00:04:40]} {[%emt 00:00:24]} 33. Rxd8+
{[%clk 00:08:18]} {[%emt 00:00:02]} Kg7 {[%clk 00:04:49]} 34. Rxa5 {[%clk
00:08:14]} {[%emt 00:00:14]} Nb7 {[%clk 00:04:57]} {[%emt 00:00:02]} 35. Rad5
{[%clk 00:08:11]} {[%emt 00:00:13]} Nxd8 {[%clk 00:05:01]} {[%emt 00:00:06]} 36.
Rxd8 {[%clk 00:08:19]} {[%emt 00:00:02]} Rc7 {[%clk 00:05:10]} {[%emt
00:00:01]} 37. Rd6 {[%clk 00:08:23]} {[%emt 00:00:06]} Rc2 {[%clk 00:05:16]}
{[%emt 00:00:05]} 38. Rb6 {[%clk 00:08:31]} {[%emt 00:00:02]} Rc4 {[%clk
00:05:23]} {[%emt 00:00:02]} 39. b3 {[%clk 00:08:38]} {[%emt 00:00:03]} Rc2
{[%clk 00:05:31]} {[%emt 00:00:02]} 40. a4 {[%clk 00:08:47]} {[%emt 00:00:02]}
Kf7 {[%clk 00:05:40]} {[%emt 00:00:01]} 41. b4 {[%clk 00:08:55]} {[%emt
00:00:03]} Ke7 {[%clk 00:05:48]} 42. a5 {[%clk 00:09:04]} {[%emt 00:00:01]} Kd7
{[%clk 00:05:57]} 43. b5 {[%clk 00:09:11]} {[%emt 00:00:03]} Rc5 {[%clk
00:06:04]} {[%emt 00:00:03]} 44. a6 {[%clk 00:09:12]} {[%emt 00:00:10]} Kc7
{[%clk 00:06:12]} {[%emt 00:00:02]} 45. Rc6+ {[%clk 00:09:09]} {[%emt
00:00:12]} Rxc6 {[%clk 00:06:21]} {[%emt 00:00:02]} 46. bxc6 {[%clk 00:09:18]}
g4 {[%clk 00:06:26]} {[%emt 00:00:03]} 47. a7 {[%clk 00:09:27]} {[%emt
00:00:02]} 1-0